| 000 | 01455nam a2200337 4500 | ||
|---|---|---|---|
| 001 | 0000017655 | ||
| 003 | CO-CtgCURN | ||
| 005 | 20250331185205.0 | ||
| 007 | ta | ||
| 008 | 160627s1996 000 0 eng d | ||
| 020 | _a8471011840 | ||
| 040 |
_aCO-CtgCURN _bspa _ccoctgcurn |
||
| 082 | 0 |
_a616.31 _bS77m |
|
| 100 | 1 | _aStrassburg, Manfred. | |
| 245 | 1 | 0 |
_aMucosa oral : _batlas a color de enfermedades / _cManfred Strassburg , Gerdt Knolle. |
| 250 | _a3a ed. | ||
| 260 |
_aMadrid : _bMarban, _c1996. |
||
| 300 | _a801 p. | ||
| 336 | _2rdacontent | ||
| 337 |
_2rdamedia _asin mediacion _bn |
||
| 338 |
_2rdacarrier _avolumen _bnc |
||
| 500 | _aIncluye indice. | ||
| 504 | _aBibliografia (p. 787-790) | ||
| 505 | 8 | _aBases para el diagnostico de las afecciones de la mucosa oral.--Particularidades clinicas de la mucosa oral sin valor patologico real o con caracter patologico solo relativo.--Nervus y manifestacion erronea nevoide sistematizada de localizacion neurocutanea en la zona facial.--Pigmentaciones endogenas y exogenas de la mucosa oral y perioral.--Gingivitis, periodontitis y esomatitis aguda no especificas.--Oral y de la zona perioral | |
| 650 | 1 | 4 |
_aMucosa bucal _vEnfermedades _xDiagnostico. |
| 700 | 1 | _aKnolle, Gerdt. | |
| 908 | _a160627 | ||
| 942 |
_cBK _h616.31 _iS77m _2ddc |
||
| 999 |
_c22462 _d22462 |
||